[Event "Winnipeg op"]
[Site "Winnipeg"]
[Date "1991.06.16"]
[Round "4"]
[White "Lane, Dave"]
[Black "Orcullo, Fernando"]
[Result "0-1"]
[WhiteElo "1533"]
[BlackElo "1577"]
[PlyCount "68"]
[EventDate "1991.06.14"]
[EventType "swiss"]
[EventRounds "5"]
[EventCountry "CAN"]
[SourceTitle "EXT 2022"]
[Source "ChessBase"]
[SourceDate "2021.10.06"]
[SourceVersion "1"]
[SourceVersionDate "2021.10.06"]
[SourceQuality "1"]

1. e4 e5 2. Nf3 d6 3. Bc4 h6 4. Nc3 c6 5. 0-0 Nf6 6. h3 b5 7. Bd3 g5 8. a4 b4 9. Na2 a5 10. c3 Na6 11. Bxa6 Bxa6 12. Re1 g4 13. hxg4 Nxg4 14. cxb4 axb4 15. d4 exd4 16. Qxd4 Rg8 17. e5 d5 18. e6 f5 19. Qf4 Bd3 20. Nxb4 Bxb4 21. Qxb4 Be4 22. Qb7 Ne5 23. Nxe5 Rxg2+ 24. Kf1 Rxf2+ 25. Kxf2 Qh4+ 26. Ke2 Qh2+ 27. Ke3 d4+ 28. Kxd4 c5+ 29. Kxc5 Bxb7 30. Nc4 Rc8+ 31. Kb4 Bd5 32. b3 Qb8+ 33. Kc3 Qg3+ 34. Re3 Qg7+ 0-1